<?xml version="1.0" encoding="UTF-8"?>
<record
    xmlns:xsi="http://www.w3.org/2001/XMLSchema-instance"
    xsi:schemaLocation="http://www.loc.gov/MARC21/slim http://www.loc.gov/standards/marcxml/schema/MARC21slim.xsd"
    xmlns="http://www.loc.gov/MARC21/slim">

  <leader>02393nam a2200445   4500</leader>
  <controlfield tag="001">14047</controlfield>
  <controlfield tag="003">http://catalogue.bnf.fr/ark:/12148/cb48727119k</controlfield>
  <controlfield tag="005">20260326110242.0</controlfield>
  <datafield tag="010" ind1=" " ind2=" ">
    <subfield code="a">9782381981017</subfield>
    <subfield code="d">16 EUR</subfield>
  </datafield>
  <datafield tag="073" ind1=" " ind2="0">
    <subfield code="a">9782381981017</subfield>
  </datafield>
  <datafield tag="090" ind1=" " ind2=" ">
    <subfield code="a">14047</subfield>
  </datafield>
  <datafield tag="099" ind1=" " ind2=" ">
    <subfield code="o">0</subfield>
  </datafield>
  <datafield tag="100" ind1=" " ind2=" ">
    <subfield code="a">20260311d2026    m  y0frey50      ba</subfield>
  </datafield>
  <datafield tag="101" ind1="0" ind2=" ">
    <subfield code="a">fre</subfield>
  </datafield>
  <datafield tag="102" ind1=" " ind2=" ">
    <subfield code="a">FR</subfield>
  </datafield>
  <datafield tag="105" ind1=" " ind2=" ">
    <subfield code="a">||||z   00|||</subfield>
  </datafield>
  <datafield tag="181" ind1=" " ind2="0">
    <subfield code="6">01</subfield>
    <subfield code="a">i </subfield>
    <subfield code="b">xxxe  </subfield>
  </datafield>
  <datafield tag="181" ind1=" " ind2=" ">
    <subfield code="6">02</subfield>
    <subfield code="c">txt</subfield>
    <subfield code="2">rdacontent</subfield>
  </datafield>
  <datafield tag="182" ind1=" " ind2="0">
    <subfield code="6">01</subfield>
    <subfield code="a">n</subfield>
  </datafield>
  <datafield tag="182" ind1=" " ind2=" ">
    <subfield code="6">02</subfield>
    <subfield code="c">n</subfield>
    <subfield code="2">rdamedia</subfield>
  </datafield>
  <datafield tag="200" ind1="1" ind2=" ">
    <subfield code="a">&#xC0; notre place</subfield>
    <subfield code="b">Texte imprim&#xE9;</subfield>
  </datafield>
  <datafield tag="214" ind1=" " ind2="0">
    <subfield code="c">L'Arche Editeur</subfield>
    <subfield code="d">2026</subfield>
  </datafield>
  <datafield tag="214" ind1=" " ind2="3">
    <subfield code="c">Impr. Normandie Roto Impression</subfield>
  </datafield>
  <datafield tag="214" ind1=" " ind2="0">
    <subfield code="a">Montreuil</subfield>
  </datafield>
  <datafield tag="214" ind1=" " ind2="3">
    <subfield code="a">61-Alen&#xE7;on</subfield>
  </datafield>
  <datafield tag="215" ind1=" " ind2=" ">
    <subfield code="a">1 vol. (144 p.)</subfield>
  </datafield>
  <datafield tag="215" ind1=" " ind2=" ">
    <subfield code="d">19 cm</subfield>
  </datafield>
  <datafield tag="225" ind1="1" ind2=" ">
    <subfield code="a">Sc&#xE8;ne ouverte</subfield>
  </datafield>
  <datafield tag="323" ind1=" " ind2=" ">
    <subfield code="a">3 personnages</subfield>
  </datafield>
  <datafield tag="330" ind1=" " ind2=" ">
    <subfield code="a">Il y a trois femmes. Astrid et Eva se connaissent depuis longtemps, leur amiti&#xE9; ayant r&#xE9;sist&#xE9; au temps, aux ent&#xEA;tements, aux disputes. Astrid et Sara se connaissent depuis tr&#xE8;s peu, apr&#xE8;s une rencontre fortuite sur un banc. Dans ce triangle incertain, elles se racontent, mettent &#xE0; l &#xE9;preuve leurs liens, essayent de d&#xE9;finir ce que veut dire l amiti&#xE9;. L histoire de leur vie appara&#xEE;t en filigrane, quand l une ou l autre prend le r&#xF4;le d un p&#xE8;re, d un fils ou d un fr&#xE8;re, et rejoue une sc&#xE8;ne essentielle qui a chang&#xE9; le cours de leur existence. Par un l&#xE9;ger glissement, les identit&#xE9;s se d&#xE9;placent. Au fil du temps pass&#xE9; ensemble, toutes les trois se demandent : comment trouver sa place, la bonne distance, &#xEA;tre proche sans dispara&#xEE;tre, tout en restant fid&#xE8;le &#xE0; soi-m&#xEA;me ?
 
&#xC0; une &#xE9;poque o&#xF9; la complexit&#xE9; des &#xEA;tres n&#x2019;a gu&#xE8;re de place, Lygre nous embarque dans les profondeurs cach&#xE9;es de l&#x2019;amiti&#xE9; comme dans une aventure tour &#xE0; tour d&#xE9;rangeante, dr&#xF4;le et &#xE9;mouvante, pleine de surprises. Et il fait de l&#x2019;espace d&#x2019;hypersensibilit&#xE9; qu&#x2019;ouvre son &#xE9;criture un magnifique terrain de jeu, offert &#xE0; trois actrices&#x2026; et &#xE0; une dizaine de personnages.</subfield>
  </datafield>
  <datafield tag="454" ind1=" " ind2="1">
    <subfield code="t">I v&#xE5;rt sted</subfield>
  </datafield>
  <datafield tag="610" ind1=" " ind2=" ">
    <subfield code="a">amiti&#xE9;</subfield>
    <subfield code="a">femme</subfield>
    <subfield code="a">f&#xE9;minisme</subfield>
    <subfield code="a">intimit&#xE9;</subfield>
  </datafield>
  <datafield tag="700" ind1=" " ind2=" ">
    <subfield code="a">Lygre</subfield>
    <subfield code="b">Arne</subfield>
  </datafield>
  <datafield tag="700" ind1=" " ind2=" ">
    <subfield code="c">Auteur du texte</subfield>
  </datafield>
  <datafield tag="702" ind1=" " ind2=" ">
    <subfield code="a">Braunschweig</subfield>
    <subfield code="b">St&#xE9;phane</subfield>
  </datafield>
  <datafield tag="702" ind1=" " ind2=" ">
    <subfield code="a">Schenka</subfield>
    <subfield code="b">Astrid</subfield>
  </datafield>
  <datafield tag="702" ind1=" " ind2=" ">
    <subfield code="c">Traducteur</subfield>
  </datafield>
  <datafield tag="702" ind1=" " ind2=" ">
    <subfield code="c">Traducteur</subfield>
  </datafield>
  <datafield tag="801" ind1=" " ind2="0">
    <subfield code="a">FR</subfield>
    <subfield code="b">FR-751131015</subfield>
    <subfield code="c">20260311</subfield>
    <subfield code="g">AFNOR</subfield>
    <subfield code="h">FRBNF487271190000004</subfield>
  </datafield>
  <datafield tag="856" ind1=" " ind2="2">
    <subfield code="u">1197649</subfield>
    <subfield code="b">Premi&#xE8;re de couverture</subfield>
  </datafield>
  <datafield tag="995" ind1=" " ind2=" ">
    <subfield code="2">0</subfield>
    <subfield code="5">2026-03-26</subfield>
    <subfield code="9">13938</subfield>
    <subfield code="c">JOL</subfield>
    <subfield code="f">JOL-007747</subfield>
    <subfield code="k">TH LYG 3</subfield>
    <subfield code="n">2026-05-14</subfield>
    <subfield code="o">0</subfield>
    <subfield code="b">JOL</subfield>
    <subfield code="r">LIVR</subfield>
  </datafield>
</record>
